000 01025cab a2200205 4500
001 ##L132288
008 060124n2006 000 0 eng u
035 _a(Sirsi) u132288
041 0 _aeng
100 1 _aPlatt, Heather
245 0 0 _aOn shaky ground
260 _c2006
490 0 _aNew Law Journal
_v156(7208) 20 January 2006, 91-93(3)
520 _aReports on the effects, regulations, guidance and case law relating to Hand Arm Vibration Syndrome (HAVS). Reviews employer's statutory obligations, HSE guidance to both employees and employers, symptoms and diagnosis of vibration white finger (the most common condition associated with HAVS), and discusses evidential problems in proving vibration white finger, particularly in the light of the comments in "Whalley v Montracon Ltd" ([2005] EWCA Civ 1383, Independent 24 November 2005).
590 _aIKA310106
650 2 4 _aCONTROL OF VIBRATION AT WORK REGULATIONS 2005
650 2 4 _aWHALLEY V MONTRACON LTD
690 _aHealth and safety
_96244
942 _n0
999 _c76391
_d76391